On This Day: May 23rd II Quiz Stats

 Plays Quiz Updated May 23, 2018

Score 0/7 Timer 03:00
0 Plays Today
Question Answer Wrong Answers
'Indiana Jones and the ______’, the second installment in the Indiana Jones franchise, opens in the United States.
1984
Temple of Doom
85.1%
Last Crusade
6.8%
Kingdom of the Crystal Skull
4.3%
Quest for the Holy Grail
2.9%
Rodrigo Duterte, President of the ______, declares martial law on the island of Mindanao, following an attack by ISIL-affiliated militants in the city of Marawi.
2017
Philippines
75.2%
United Arab Emirates
8.4%
Bahamas
2.8%
Dominican Republic
11.7%
The Flensburg Government under Reichspräsident Karl Dönitz is dissolved in ______ when its members are captured and arrested by British forces.
1945
Germany
72%
Hungary
14.6%
Romania
7.1%
Bulgaria
5.8%
This American singer/songwriter, known for ‘Who Will Save Your Soul’ and ‘You Were Meant for Me’, is born.
1974
Jewel
68.8%
Lisa Loeb
10.1%
Natalie Merchant
12.5%
Shawn Colvin
7.9%
The International Court of Justice awards the Middle Rocks to ______, and the island of Pedra Branca to Singapore, ending a 29-year territorial dispute between the two countries.
2008
Malaysia
49.8%
Indonesia
24.8%
Timor-Leste
7.6%
Thailand
16.4%
The New York Public Library is dedicated by this United States President.
1911
William Howard Taft
42.1%
Woodrow Wilson
32.5%
Warren G. Harding
10.9%
William McKinley
14.4%
Despite public disagreements over climate change and the plight of Syrian refugees, Donald Trump meets this world leader for the first time.
2017
Pope Francis
29.3%
Benjamin Netanyahu
18.7%
Xi Jinping
20.4%
Emmanuel Macron
29.6%

You're not logged in!

Compare scores with friends on all Sporcle quizzes.
OR
Log In

Sporcle TV

Today on Sporcle TV


Watch our educational content, quiz creation guides, and fun videos on Sporcle TV.

Show Comments

Extras

Top Quizzes Today


Score Distribution

Your Account Isn't Verified!

In order to create a playlist on Sporcle, you need to verify the email address you used during registration. Go to your Sporcle Settings to finish the process.

Report this User

Report this user for behavior that violates our Community Guidelines.

Details: